| 000 | 00853cam a22002773a 4500 | ||
|---|---|---|---|
| 001 | 1223 | ||
| 003 | PGUSA | ||
| 005 | 20140828082958.0 | ||
| 008 | 051020s2005||||xxu|||||s|||||000 1 eng d | ||
| 040 |
_aPGUSA _beng |
||
| 042 | _adc | ||
| 050 | 4 | _aPQ | |
| 100 | 1 |
_aBalzac, Honoré de, _d1799-1850 |
|
| 245 | 1 | 0 |
_aUrsula _h[electronic resource] / _cHonoré de Balzac |
| 260 |
_bProject Gutenberg, _c2005 |
||
| 506 | _aPublic domain in the USA. | ||
| 516 | _aElectronic text | ||
| 653 | _aBiographical fiction | ||
| 653 | _aParis (France) -- Fiction | ||
| 653 | _aFrench fiction -- Translations into English | ||
| 653 | _aFrance -- Social life and customs -- 19th century -- Fiction | ||
| 700 | 1 |
_aWormeley, Katharine Prescott, _d1830-1908 |
|
| 830 | 0 |
_aProject Gutenberg _v1223 |
|
| 856 | 4 | 0 | _uhttp://www.gutenberg.org/ebooks/1223 |
| 942 | _cEB | ||
| 999 |
_c230571 _d230571 |
||